Music Quiz

Random Music or Art Quiz

Female Singers by Drawing Blitz Quiz Stats

 Plays Quiz not verified by Sporcle

Score 0/10 Timer 01:00
2 Plays Today
% Correct
Whitney Houston
98.2%
Rihanna
97%
Taylor Swift
97%
Gwen Stefani
96.4%
Britney Spears
95.8%
Ariana Grande
95.8%
Madonna
95.8%
Beyoncé
94.5%
Avril Lavigne
94.5%
Demi Lovato
92.1%

You're not logged in!

Compare scores with friends on all Sporcle quizzes.
OR
Log In

Show Comments

Extras

Top Quizzes Today


Score Distribution

Your Account Isn't Verified!

In order to create a playlist on Sporcle, you need to verify the email address you used during registration. Go to your Sporcle Settings to finish the process.

Report this User

Report this user for behavior that violates our Community Guidelines.

Details: